Elements of Power Systems / (Record no. 912)

MARC details
000 -LEADER
fixed length control field 00422nam a2200145 a 4500
020 ## - INTERNATIONAL STANDARD BOOK NUMBER
ISBN 9350140438 (paperback)
020 ## - INTERNATIONAL STANDARD BOOK NUMBER
ISBN 9789350140437 (paperback)
100 1# - MAIN ENTRY--AUTHOR NAME
Personal name Gupta, J. B.
245 10 - TITLE STATEMENT
Title Elements of Power Systems /
260 ## - PUBLICATION, DISTRIBUTION, ETC. (IMPRINT)
Place of publication [S.l.] :
Name of publisher S K KATARIA & SONS,
Year of publication 2010.
300 ## - PHYSICAL DESCRIPTION
Number of Pages 1 v. (unpaged) ;
650 ## - SUBJECT ADDED ENTRY--TOPICAL TERM
Topical Term Power System
856 40 - ELECTRONIC LOCATION AND ACCESS
Uniform Resource Identifier http://www.amazon.com/exec/obidos/ASIN/9350140438/chopaconline-20
942 ## - ADDED ENTRY ELEMENTS (KOHA)
Koha item type Books
Holdings
Withdrawn status Lost status Collection code Home library Current library Date acquired Cost, normal purchase price Full call number Accession Number Koha item type
    Reference Reference Section Reference Section 29/04/2014 583.00 621.319GUP (Shelf -49B) 42272 Books